000 00769nam a2200205 a 4500
001 21247
003 CO-ViMGA
008 141112s2004 ck r 000 u spa d
020 _a9583004693
040 _aCO-ViMGA
_bspa
_cCO-ViMGA
082 0 4 _aGRI
100 1 _aGrimm, Jacob y Wilhem
_930280
245 1 0 _aCaperucita roja y otros cuentos
260 _aBogotá; Panmericana,
_c1998
300 _a180
505 _aUnojito, Dosojitos, Tresojitos 28 - - La bella durmiente 82 - - el rey pico de tordo 102 - - el sastrecillo valiente 132 - - Caperucita roja 162
590 _aForma de adquisición : Compra fact. 0857 - - Precio : 16500 - - Proveedor : Temas y libros - - Fecha de adquisición : Mayo 2007
650 1 4 _aCUENTOS INFANTILES ALEMANES
942 _2ddc
_cBK
999 _c29875
_d29875